Statistics for The Simpsons Treehouse of Horror Stories

Click here to take the quiz!

General Stats

  • This quiz has been taken 38 times
  • The average score is 7 of 75

Answer Stats

Hint Answer % Correct
Treehouse of Horror IThe Raven
73%
Treehouse of Horror VThe Shinning
40%
Treehouse of Horror IIIKing Homer
27%
Treehouse of Horror IBad Dream House
23%
Treehouse of Horror VIICitizen Kang
23%
Treehouse of Horror IVBart Simpson's Dracula
23%
Treehouse of Horror IIIDial "Z" for Zombies
23%
Treehouse of Horror IHungry are the Damned
23%
Treehouse of Horror IIIClown Without Pity
20%
Treehouse of Horror VNightmare Cafeteria
20%
Treehouse of Horror VIIIFly vs Fly
17%
Treehouse of Horror IVThe Devil and Homer Simpson
17%
Treehouse of Horror IIThe Monkey's Paw
17%
Treehouse of Horror VINightmare on Evergreen Terrace
17%
Treehouse of Horror VIHomer^3
17%
Treehouse of Horror XXDial "M" for Murder or Press "#" to Return to the Main Menu
13%
Treehouse of Horror IVTerror at 5 1/2 Feet
13%
Treehouse of Horror XLife's a Glitch, Then You Die
13%
Treehouse of Horror VTime and Punishment
13%
Treehouse of Horror VIIIThe Homega Man
13%
Treehouse of Horror IIThe Bart Zone
13%
Treehouse of Horror XIIISend in the Clones
13%
Treehouse of Horror IIIf Only I Had a Brain
10%
Treehouse of Horror VIIThe Genesis Tub
10%
Treehouse of Horror VIIIEasy-Bake Coven
10%
Treehouse of Horror XVIIIHeck House
10%
Treehouse of Horror XVIIIMr. And Mrs. Simpson
10%
Treehouse of Horror XIVStop the World, I Want to Goof Off
10%
Treehouse of Horror IXHell Toupée
10%
Treehouse of Horror XIXIt's the Grand Pumpkin, Milhouse
7%
Treehouse of Horror XVIIIE.T., Go Home
7%
Treehouse of Horror XVIIMarried to the Blob
7%
Treehouse of Horror XVThe Ned Zone
7%
Treehouse of Horror XIIIThe Island of Dr. Hibbert
7%
Treehouse of Horror XXVThe Others
7%
Treehouse of Horror XIIWiz Kids
7%
Treehouse of Horror XINight of the Dolphin
7%
Treehouse of Horror VIIThe Thing and I
7%
Treehouse of Horror XDesperately Xeeking Xena
7%
Treehouse of Horror XI Know What You Diddily-Iddly-Did
3%
Treehouse of Horror XXVA Clockwork Yellow
3%
Treehouse of Horror XXVSchool is Hell
3%
Treehouse of Horror XXIIIBart and Homer's Excellent Adventure
3%
Treehouse of Horror XXITweenlight
3%
Treehouse of Horror XXIWar And Pieces
3%
Treehouse of Horror VIAttack of the 50 ft. Eyesores
3%
Treehouse of Horror XIIHouse of Whacks
3%
Treehouse of Horror IXThe Terror of Tiny Toon
3%
Treehouse of Horror IXStarship Poopers
3%
Treehouse of Horror XIXHow to Get Ahead in Dead-Vertising
3%
Treehouse of Horror XVIIThe Day the Earth Looked Stupid
3%
Treehouse of Horror XVIn the Belly of the Boss
3%
Treehouse of Horror XIVFrinkenstein
3%
Treehouse of Horror XIG-G-Ghost D-D-Dad
3%
Treehouse of Horror XIScary Tales Can Come True
3%
Treehouse of Horror XVIB.I. Bartificial Intelligence
0%
Treehouse of Horror XXIIIThe Greatest Story Ever Holed
0%
Treehouse of Horror XIIHex and the City
0%
Treehouse of Horror XIVReaper Madness
0%
Treehouse of Horror XXIVFreaks, No Geeks
0%
Treehouse of Horror XXIVDead and Shoulders
0%
Treehouse of Horror XXIVOh, the Places You'll D'oh!
0%
Treehouse of Horror XVII've Grown a Costume on Your Face
0%
Treehouse of Horror XXIIIUnnormal Activity
0%
Treehouse of Horror XXIIIn the Na'vi
0%
Treehouse of Horror XIXUntiteled Robot Parody
0%
Treehouse of Horror XXIIDial "D" for Diddly
0%
Treehouse of Horror XXIIThe Diving Bell and the Butterball
0%
Treehouse of Horror XVIIYou Gotta Know When to Golem
0%
Treehouse of Horror XXIMaster and Cadaver
0%
Treehouse of Horror XVISurvival of the Fattest
0%
Treehouse of Horror XXThere's No Business Like Moe Business
0%
Treehouse of Horror XXDon't Have a Cow, Mankind
0%
Treehouse of Horror XVFour Beheadings and a Funeral
0%
Treehouse of Horror XIIIThe Fright to Creep and Scare Harmes
0%

Score Distribution

Percentile by Number Answered

Percent of People with Each Score

Your Score History

You have not taken this quiz